Las venas abiertas de América Latina.
Guardado en:
| Autor principal: | |
|---|---|
| Formato: | Libro |
| Lenguaje: | Spanish |
| Publicado: |
México : Siglo Veintiuno Editores,
1979.
|
| Edición: | 26 |
| Materias: | |
| Etiquetas: |
Agregar Etiqueta
Sin Etiquetas, Sea el primero en etiquetar este registro!
|
MARC
| LEADER | 00000nam a2200000Ia 4500 | ||
|---|---|---|---|
| 003 | 002090 | ||
| 005 | 20221231144008.0 | ||
| 008 | 140114s1979 mx a 000 ||spa d | ||
| 040 | |c cru CEDI | ||
| 082 | |a 330.98 G152v | ||
| 100 | |a Galeano, Eduardo H., 1940-2015 |9 21247 | ||
| 245 | |a Las venas abiertas de América Latina. | ||
| 250 | |a 26 | ||
| 260 | |a México : Siglo Veintiuno Editores, |c 1979. | ||
| 300 | |a vii, 458 páginas | ||
| 650 | |x CONDICIONES ECONOMICAS |x AMERICA LATINA |9 21248 | ||
| 942 | |2 ddc | ||
| 999 | |c 15352 |d 15352 | ||
